Online
Catalog

La segua y otras piezas / (Record no. 9438)

MARC details
000 -CABECERA
campo de control de longitud fija 00599cam a2200205 a 4500
001 - NÚMERO DE CONTROL
campo de control 000009678
005 - FECHA Y HORA DE LA ÚLTIMA TRANSACCIÓN
campo de control 20200929161652.0
008 - DATOS DE LONGITUD FIJA--INFORMACIÓN GENERAL
campo de control de longitud fija 761105s1979 cr 001 0 spa
040 ## - FUENTE DE LA CATALOGACIÓN
Centro catalogador/agencia de origen DO-SdBNP
Centro/agencia modificador BNOHU
050 00 - SIGNATURA TOPOGRÁFICA DE LA BIBLIOTECA DEL CONGRESO
Número de clasificación PQ7489.C33
Número de documento/Ítem A19 1976
082 ## - NÚMERO DE LA CLASIFICACIÓN DECIMAL DEWEY
Número de clasificación nn*
Número de documento/Ítem C111s, 1979
100 1# - ENTRADA PRINCIPAL--NOMBRE DE PERSONA
Nombre de persona Cañas, Alberto F.
9 (RLIN) 24579
245 13 - MENCIÓN DE TÍTULO
Título La segua y otras piezas /
Mención de responsabilidad, etc. Alberto Cañas.
250 ## - MENCIÓN DE EDICIÓN
Mención de edición 4a ed.
260 ## - PUBLICACIÓN, DISTRIBUCIÓN, ETC.
Lugar de publicación, distribución, etc. San José, Costa Rica :
Nombre del editor, distribuidor, etc. Universitaria Centroamericana,
Fecha de publicación, distribución, etc. 1979.
300 ## - DESCRIPCIÓN FÍSICA
Extensión 227 p. ;
Dimensiones 17 cm.
490 1# - MENCIÓN DE SERIE
Mención de serie Septimo Día
830 #0 - PUNTO DE ACCESO ADICIONAL DE SERIE-TÍTULO UNIFORME
Título uniforme Septimo Día
9 (RLIN) 24182
910 ## - DATOS DE OPCIÓN DEL USUARIO (OCLC)
Datos de opción del usuario Catalogación derivada
Holdings
Estado de retiro Estado de pérdida Restricciones de uso No para préstamo Código de colección Localización permanente Ubicación/localización actual Ubicación en estantería Fecha de adquisición Número de inventario Total de préstamos Signatura topográfica completa Código de barras Fecha visto por última vez Precio válido a partir de Tipo de ítem Koha
    Préstamo interno   Monografías: Libros y Folletos General General En catalogación 30.09.2009 LF1   nn* C111s, 1979 9678-10 25.06.2020 25.06.2020 Préstamo interno

Powered by Koha